000 00821nam a2200241Ia 4500
003 OSt
005 20220923221643.0
006 a|||||r|||| 00| 0
007 ta
008 220922b |||||||| |||| 00| 0 hin d
024 _a199,057
037 _cTextual
040 _aARTS
_cARTS
_bhin
041 _2hin
_ahin
082 _aP152,9D.255, M4
100 _aजैन, पुष्पलता
245 0 _aमरारी बोली का भाषा वैज्ञानिक अध्ययन
246 _aMarārī bolī kā bhāṣhā vaijnyānik adhyayana
260 _aनागपुर
_b सन्यति विद्यापीत
_c1984
300 _a270पृ.
_ccm.
942 _hP152,9D.255, M4
_cTEXL
_2CC
999 _c350836
_d350836